| 000 -LEADER |
| fixed length control field |
01541 a2200301 4500 |
| 003 - CONTROL NUMBER IDENTIFIER |
| control field |
Nust |
| 005 - DATE AND TIME OF LATEST TRANSACTION |
| control field |
20170207154018.0 |
| 010 ## - LIBRARY OF CONGRESS CONTROL NUMBER |
| LC control number |
2002277488 |
| 020 ## - INTERNATIONAL STANDARD BOOK NUMBER |
| International Standard Book Number |
0596001436 |
| 035 ## - SYSTEM CONTROL NUMBER |
| System control number |
(OCoLC)ocm48114116 |
| 040 ## - CATALOGING SOURCE |
| Transcribing agency |
Nust |
| 082 00 - DEWEY DECIMAL CLASSIFICATION NUMBER |
| Classification number |
005.72 |
| 100 1# - MAIN ENTRY--PERSONAL NAME |
| Personal name |
Burke, Eric M. |
| 245 10 - TITLE STATEMENT |
| Title |
Java and XSLT /(E-BOOK) |
| Statement of responsibility, etc. |
Eric M. Burke. |
| 246 1# - VARYING FORM OF TITLE |
| Title proper/short title |
Embedding XML processing into Java applications |
| 250 ## - EDITION STATEMENT |
| Edition statement |
1st ed. |
| 260 ## - PUBLICATION, DISTRIBUTION, ETC. |
| Place of publication, distribution, etc. |
Beijing ; |
| -- |
Cambridge [Mass.] : |
| Name of publisher, distributor, etc. |
O'Reilly, |
| Date of publication, distribution, etc. |
c2001. |
| 300 ## - PHYSICAL DESCRIPTION |
| Extent |
xvi, 510 p. : |
| Other physical details |
ill. ; |
| Dimensions |
24 cm. |
| 500 ## - GENERAL NOTE |
| General note |
Includes index. |
| 505 ## - FORMATTED CONTENTS NOTE |
| Formatted contents note |
Chapter 1. Understanding the Messaging Paradigm (Page-6) Chapter 2. Developing a Simple Example (Page-19) Chapter 3. Anatomy of a JMS Message (Page-33) Chapter 4. Publish-and-Subscribe Messaging (Page- 53) Chapter 5. Point-to-Point Messaging (Page-69) Chapter 6. Guaranteed Messaging, Transactions, Acknowledgments & Failures (Page- 84) Chapter 7. Deployment Considerations (Page- 108) Chapter 8. J2EE, EJB, and JMS (Page-122) Chapter 9. JMS Providers.(Page- 133) |
| 650 #0 - SUBJECT ADDED ENTRY--TOPICAL TERM |
| Topical term or geographic name entry element |
Java (Computer program language) |
| 650 #0 - SUBJECT ADDED ENTRY--TOPICAL TERM |
| Topical term or geographic name entry element |
XML (Document markup language) |
| 650 #0 - SUBJECT ADDED ENTRY--TOPICAL TERM |
| Topical term or geographic name entry element |
XSLT (Computer program language) |
| 651 ## - SUBJECT ADDED ENTRY--GEOGRAPHIC NAME |
| Geographic name |
Java and XSLT /(E-BOOK) |
| 856 42 - ELECTRONIC LOCATION AND ACCESS |
| Materials specified |
Contributor biographical information |
| Uniform Resource Identifier |
<a href="http://www.loc.gov/catdir/enhancements/fy0912/2002277488-b.html">http://www.loc.gov/catdir/enhancements/fy0912/2002277488-b.html</a> |
| 856 42 - ELECTRONIC LOCATION AND ACCESS |
| Materials specified |
Publisher description |
| Uniform Resource Identifier |
<a href="http://www.loc.gov/catdir/enhancements/fy0715/2002277488-d.html">http://www.loc.gov/catdir/enhancements/fy0715/2002277488-d.html</a> |
| 856 42 - ELECTRONIC LOCATION AND ACCESS |
| Materials specified |
Table of contents only |
| Uniform Resource Identifier |
<a href="http://www.loc.gov/catdir/enhancements/fy1009/2002277488-t.html">http://www.loc.gov/catdir/enhancements/fy1009/2002277488-t.html</a> |
| 942 ## - ADDED ENTRY ELEMENTS (KOHA) |
| Source of classification or shelving scheme |
|
| Koha item type |
Book |